|
|
|
|
| LEADER |
00000nas a2200000 a 4500 |
| 001 |
ssj0000494541 |
| 003 |
WaSeSS |
| 005 |
20200512172242.0 |
| 006 |
m d |
| 007 |
cr n |
| 008 |
100307c20099999io qr p s 0 0eng c |
| 010 |
|
|
|a 2011254312
|
| 022 |
|
|
|a 2087-5886
|l 2087-5886
|
| 035 |
|
|
|a (WaSeSS)ssj0000494541
|
| 040 |
|
|
|a HTM
|b eng
|c HTM
|d CUS
|d OCLCQ
|d OCLCF
|d OCLCO
|d OCLCQ
|d WaSeSS
|
| 042 |
|
|
|a pcc
|
| 050 |
1 |
4 |
|a QA75.5
|
| 245 |
0 |
0 |
|a International journal on electrical engineering and informatics
|h [electronic resource].
|
| 246 |
1 |
|
|a IJEEI
|
| 260 |
|
|
|a Bandung, Indonesia :
|b Institut Teknologi Bandung, School of Electrical Engineering and Informatics
|
| 310 |
|
|
|a Quarterly
|
| 362 |
1 |
|
|a Began with vol. 1, no. 1 (2009).
|
| 506 |
|
|
|a License restrictions may limit access.
|
| 588 |
|
|
|a Description based on: Vol. 1, no. 1 (2009); title from journal home page (publisher's Web site, viewed June 2, 2011).
|
| 588 |
|
|
|a Latest issue consulted: Vol. 3, no. 1 (2011) (viewed June 2, 2011).
|
| 650 |
|
0 |
|a Computer science
|v Periodicals.
|
| 650 |
|
0 |
|a Electrical engineering
|v Periodicals.
|
| 650 |
|
7 |
|a Computer science.
|2 fast
|0 (OCoLC)fst00872451
|
| 650 |
|
7 |
|a Electrical engineering.
|2 fast
|0 (OCoLC)fst01728596
|
| 655 |
|
0 |
|a Electronic journals.
|
| 710 |
2 |
|
|a Institut Teknologi Bandung.
|b Sekolah Teknik Elektro dan Informatika.
|
| 776 |
0 |
8 |
|i Print version:
|t International Journal on Electrical Engineering and Informatics
|x 2085-6830
|w (OCoLC)610474752
|
| 856 |
4 |
0 |
|z Full text available from Research Library: 07/01/2010 to present
|u https://search.proquest.com/publication/316223
|